|
|
|
|
| LEADER |
00000nam0a2200000 4500 |
| 001 |
305840 |
| 005 |
20231102001835.0 |
| 035 |
|
|
|a (RuTPU)RU\TPU\book\331115
|
| 090 |
|
|
|a 305840
|
| 100 |
|
|
|a 20150930d1983 km y0rusy50 ca
|
| 101 |
0 |
|
|a rus
|
| 102 |
|
|
|a RU
|
| 105 |
|
|
|a a g 000zy
|
| 200 |
1 |
|
|a Допуски на изготовление и износ деталей станочных приспособлений
|e справочник
|f И. М. Олеров
|
| 205 |
|
|
|a 2-е изд., перераб.
|
| 210 |
|
|
|a Москва
|c Машиностроение
|d 1983
|
| 215 |
|
|
|a 56 с.
|c ил.
|
| 606 |
1 |
|
|a Допуски
|x Расчет
|2 stltpush
|3 (RuTPU)RU\TPU\subj\10007
|9 37149
|
| 610 |
1 |
|
|a детали
|
| 610 |
1 |
|
|a станочные приспособления
|
| 610 |
1 |
|
|a износ
|
| 610 |
1 |
|
|a изготовление
|
| 610 |
1 |
|
|a справочники
|
| 675 |
|
|
|a 621.753.1(035)
|v 4
|
| 700 |
|
1 |
|a Олеров
|b И. М.
|g Иван Михайлович
|
| 801 |
|
1 |
|a RU
|b 63413507
|c 20150930
|
| 801 |
|
2 |
|a RU
|b 63413507
|c 20190524
|g RCR
|
| 942 |
|
|
|c BK
|